The 'Youngest' Quiz Stats

 Plays Quiz Updated Nov 13, 2018

Support Sporcle.
Go Orange.
Score 0/20 Timer 06:00
2 Plays Today
Clue Answer % Correct
Elected U.S. PresidentJohn F. Kennedy
77.9%
Member of 'The Simpsons' familyMaggie Simpson
71.7%
Member of the BeatlesGeorge Harrison
69.6%
'Brady Bunch' daughterCindy
65.1%
Jackson family of musiciansJanet Jackson
61.6%
Spice GirlBaby Spice
58.8%
Winner of the PGA's The MastersTiger Woods
53.4%
Teenage Mutant Ninja TurtleMichelangelo
53.3%
Baldwin brotherStephen Baldwin
39.9%
Ivy League SchoolCornell
35.9%
Clue Answer % Correct
Stanley Cup winning CaptainSidney Crosby
24.8%
Super Bowl-winning quarterbackBen Roethlisberger
23.3%
Oscar-winning actor/actressTatum O'Neal
22.5%
Host of Saturday Night LiveDrew Barrymore
17.6%
Jacob's sons (Bible)Benjamin
14.9%
James Bond actorGeorge Lazenby
14.4%
Grammy winnerLeAnn Rimes
5.5%
NBA player draftedAndrew Bynum
5.4%
Canadian Prime MinisterJoe Clark
2%
Nobel Laureate for LiteratureRudyard Kipling
1.7%

From the Vault

Greece's Borders

by Baconite

Geography 60s
You might think of Greece as a bunch of islands, but it does have a few neighbors.
Remove Ads.
Support Sporcle.
Get the best of Sporcle when you Go Orange. This ad-free experience offers more features, more stats, and more fun while also helping to support Sporcle. Thank you for becoming a member.

Show Comments

Extras

Top Quizzes Today


Score Distribution

Your Account Isn't Verified!

In order to create a playlist on Sporcle, you need to verify the email address you used during registration. Go to your Sporcle Settings to finish the process.

Report this User

Report this user for behavior that violates our Community Guidelines.

Details: